000
00328nam a2200133Ia 4500
008
220524s9999 xx 000 0 und d
041
_a
eng
082
_a
746.43
100
_a
Johnson Henry
_9
2365
245
_a
Introduction to knitting Technology
260
_b
Abhishek Pub. Chandigarh
650
_a
Knitting
_9
2366
906
_a
77
999
_c
4814
_d
4814